[Event "Bangabandhu-chT"]
[Site "Dhaka"]
[Date "2024.02.07"]
[Round "7.4"]
[White "Manon, Reja Neer"]
[Black "Muhimenul, Islam"]
[Result "1-0"]
[WhiteElo "2148"]
[BlackElo "1950"]
[PlyCount "91"]
[EventDate "2024.02.01"]
[EventType "team-tourn"]
[EventRounds "11"]
[EventCountry "BAN"]
[SourceTitle "CB07_2024"]
[SourceDate "2024.02.14"]
[SourceVersion "1"]
[SourceVersionDate "2024.02.14"]
[SourceQuality "1"]
[WhiteTeam "Bangladesh Navy"]
[BlackTeam "Uttara Central CC"]
[WhiteTeamCountry "BAN"]
[BlackTeamCountry "BAN"]

1. e4 e6 2. d4 d5 3. e5 c5 4. c3 Nc6 5. Nf3 Qb6 6. a3 c4 7. Nbd2 Na5 8. Rb1 Bd7 9. h4 Rc8 10. h5 h6 11. Be2 Ne7 12. g3 Nb3 13. Nxb3 Ba4 14. Be3 Nc6 15. Nfd2 Na5 16. Nxa5 Bxd1 17. Naxc4 dxc4 18. Bxd1 Qc6 19. Rh4 b5 20. Bf3 Qc7 21. Rg4 Rd8 22. Bf4 a6 23. Nf1 Qb6 24. Ne3 Rd7 25. Kf1 Kd8 26. Kg2 Qa5 27. Bd1 Qb6 28. Be2 Rh7 29. Bf3 Rh8 30. a4 bxa4 31. Nxc4 Qb5 32. Nd2 Qd3 33. Be3 f6 34. Rg6 Be7 35. Be4 Qe2 36. Nf3 Kc7 37. Rxg7 f5 38. Bxf5 exf5 39. e6 Qc2 40. Re1 Re8 41. exd7 Kxd7 42. Bxh6 Qxb2 43. Bg5 a3 44. Bxe7 Rxe7 45. Rexe7+ Kd6 46. Rd7+ 1-0

[Event "BAN-chT 1st League"]
[Site "Dhaka"]
[Date "2022.03.15"]
[Round "6.2"]
[White "Alekhya, Mukhopadhyay"]
[Black "Muhimenul, Islam"]
[Result "1-0"]
[WhiteElo "2010"]
[BlackElo "2005"]
[PlyCount "129"]
[EventDate "2022.03.10"]
[EventType "team-tourn"]
[EventRounds "11"]
[EventCountry "BAN"]
[SourceTitle "EXT 2023"]
[Source "ChessBase"]
[SourceDate "2022.10.05"]
[SourceVersion "1"]
[SourceVersionDate "2022.10.05"]
[SourceQuality "1"]
[WhiteTeam "Dhaka CC"]
[BlackTeam "Kasparov CC"]
[WhiteTeamCountry "BAN"]
[BlackTeamCountry "BAN"]

1. e4 d5 2. exd5 Qxd5 3. Nc3 Qa5 4. g3 Nf6 5. Bg2 c6 6. Nge2 Bf5 7. 0-0 e6 8. d3 Be7 9. a3 Nbd7 10. Bd2 Qb6 11. b4 0-0 12. h3 h6 13. Rb1 Rad8 14. a4 Nd5 15. b5 Nxc3 16. Nxc3 c5 17. a5 Qc7 18. b6 axb6 19. axb6 Nxb6 20. Nb5 Qd7 21. Ba5 Nd5 22. Bxd8 Rxd8 23. Qd2 Nb4 24. Na3 Qa4 25. Qc3 b6 26. Qb3 Qa6 27. Rfd1 b5 28. Bf1 Rb8 29. Ra1 e5 30. Qc3 Qe6 31. Rab1 Nd5 32. Qe1 b4 33. Rb3 Nc3 34. Rxc3 bxc3 35. Qxc3 Qd5 36. Nc4 Bf6 37. Ne3 Qe6 38. Qxc5 Bxh3 39. Bxh3 Qxh3 40. c4 h5 41. Qd5 h4 42. g4 Rd8 43. Qg2 Qxg2+ 44. Kxg2 Rd4 45. c5 Kf8 46. Rc1 Ke8 47. c6 Kd8 48. Rc5 Kc8 49. Nd5 Rxd3 50. Ra5 Rxd5 51. Rxd5 Kc7 52. Rc5 g5 53. Kf3 Bg7 54. Ke4 f6 55. Kd5 Bf8 56. Rb5 e4 57. Rb7+ Kc8 58. Rf7 Bb4 59. Rxf6 Bd2 60. Kxe4 Kc7 61. Kd5 Bc1 62. Rf7+ Kc8 63. c7 Kb7 64. Kd6 Bf4+ 65. Rxf4 1-0

[Event "BAN-chT 1st League"]
[Site "Dhaka"]
[Date "2022.03.10"]
[Round "1.3"]
[White "Muhimenul, Islam"]
[Black "Md, Hadiuzzaman"]
[Result "1/2-1/2"]
[WhiteElo "2005"]
[BlackElo "1940"]
[PlyCount "79"]
[EventDate "2022.03.10"]
[EventType "team-tourn"]
[EventRounds "11"]
[EventCountry "BAN"]
[SourceTitle "EXT 2023"]
[Source "ChessBase"]
[SourceDate "2022.10.05"]
[SourceVersion "1"]
[SourceVersionDate "2022.10.05"]
[SourceQuality "1"]
[WhiteTeam "Kasparov CC"]
[BlackTeam "Basir Memorial"]
[WhiteTeamCountry "BAN"]
[BlackTeamCountry "BAN"]

1. Nf3 Nf6 2. g3 d5 3. d4 e6 4. Bg2 c5 5. c3 Nc6 6. 0-0 Bd6 7. Nbd2 0-0 8. Re1 cxd4 9. cxd4 Qb6 10. e3 Bd7 11. a3 Rac8 12. Qb3 Qc7 13. Qd3 Qa5 14. Rb1 e5 15. dxe5 Bxe5 16. b4 Qc7 17. b5 Na5 18. Nxe5 Qxe5 19. Bb2 Qf5 20. Qxf5 Bxf5 21. Rbc1 Ne4 22. Nxe4 dxe4 23. Rxc8 Rxc8 24. Rc1 Nc4 25. Ba1 Nxa3 26. Rxc8+ Bxc8 27. b6 axb6 28. Bxe4 b5 29. Kf1 Nc4 30. Bc3 b6 31. Ke2 Be6 32. f4 Nd6 33. Bc6 Bc4+ 34. Kf3 f5 35. Bb4 Nf7 36. Be7 h6 37. g4 g6 38. e4 fxe4+ 39. Kxe4 Kg7 40. h4 1/2-1/2

[Event "BAN-chB 46th"]
[Site "Dhaka"]
[Date "2021.12.21"]
[Round "7"]
[White "Muhimenul, Islam"]
[Black "Mohammed, Sagar Ullah"]
[Result "1/2-1/2"]
[WhiteElo "1953"]
[BlackElo "1659"]
[PlyCount "82"]
[EventDate "2021.12.15"]
[EventType "swiss"]
[EventRounds "9"]
[EventCountry "BAN"]
[SourceTitle "CBM 206 Extra"]
[Source "ChessBase"]
[SourceDate "2022.03.31"]
[SourceVersion "1"]
[SourceVersionDate "2022.03.31"]
[SourceQuality "1"]

1. Nf3 d5 2. g3 Nc6 3. d4 Bg4 4. Bg2 e6 5. 0-0 Nf6 6. Nbd2 Be7 7. Re1 0-0 8. c3 Rb8 9. e4 dxe4 10. Nxe4 Nxe4 11. Rxe4 Bf5 12. Re1 Bf6 13. Bf4 h6 14. Qa4 b5 15. Qd1 Na5 16. Ne5 Bxe5 17. Rxe5 Nc4 18. Rc5 Nxb2 19. Qb3 Nd3 20. Rxb5 Nxf4 21. gxf4 Rxb5 22. Qxb5 Qd6 23. Qe5 Qb6 24. Re1 f6 25. Qe3 Qb2 26. d5 exd5 27. Bxd5+ Kh8 28. Qe7 Qb8 29. c4 Bg6 30. Bc6 Bd3 31. c5 Bf5 32. Kg2 a5 33. Re3 Bg6 34. Rg3 Bf7 35. h3 Qd8 36. Qxd8 Rxd8 37. Ra3 Rd2 38. Rxa5 Rxa2 39. Rb5 Re2 40. Kf3 Bh5+ 41. Kg3 Re7 1/2-1/2

[Event "BAN-chB 46th"]
[Site "Dhaka"]
[Date "2021.12.18"]
[Round "4"]
[White "Noshin, Anjum"]
[Black "Muhimenul, Islam"]
[Result "1-0"]
[WhiteElo "2045"]
[BlackElo "1953"]
[PlyCount "91"]
[EventDate "2021.12.15"]
[EventType "swiss"]
[EventRounds "9"]
[EventCountry "BAN"]
[SourceTitle "CBM 206 Extra"]
[Source "ChessBase"]
[SourceDate "2022.03.31"]
[SourceVersion "1"]
[SourceVersionDate "2022.03.31"]
[SourceQuality "1"]

1. e4 e5 2. Nf3 Nf6 3. Nxe5 d6 4. Nf3 Nxe4 5. d4 d5 6. Bd3 Be7 7. 0-0 0-0 8. Re1 Nf6 9. h3 Re8 10. Bf4 Nbd7 11. Nc3 c6 12. Ne2 Nf8 13. Ng3 Ng6 14. Bg5 Be6 15. c3 Qc7 16. Qc2 Nd7 17. h4 Ndf8 18. Bxe7 Qxe7 19. Nf5 Qf6 20. g3 Ne7 21. Nxe7+ Rxe7 22. Ng5 h6 23. Nxe6 Rae8 24. Re2 Nxe6 25. Rae1 g6 26. Re5 Kg7 27. Qe2 Kf8 28. h5 Kg7 29. hxg6 fxg6 30. Qg4 Ng5 31. f4 Rxe5 32. dxe5 Qe6 33. f5 gxf5 34. Bxf5 Qf7 35. e6 Qf6 36. Rf1 Rf8 37. Qe2 d4 38. c4 d3 39. Qxd3 Rd8 40. Qe2 Re8 41. Qg4 Rf8 42. b3 c5 43. Qf4 Kg8 44. Qe3 b6 45. Bh7+ Kxh7 46. Rxf6 1-0

[Event "BAN-chT 1st League"]
[Site "Dhaka"]
[Date "2021.02.25"]
[Round "1.2"]
[White "Arpan, Das Jr"]
[Black "Muhimenul, Islam"]
[Result "1-0"]
[WhiteElo "2068"]
[BlackElo "2004"]
[PlyCount "73"]
[EventDate "2021.02.25"]
[EventType "team-tourn"]
[EventRounds "11"]
[EventCountry "BAN"]
[SourceTitle "EXT 2022"]
[Source "ChessBase"]
[SourceDate "2021.10.06"]
[SourceVersion "1"]
[SourceVersionDate "2021.10.06"]
[SourceQuality "1"]
[WhiteTeam "Sultana Kamal Smirity Pathagar"]
[BlackTeam "Morning Glory"]
[WhiteTeamCountry "BAN"]
[BlackTeamCountry "BAN"]

1. e4 c5 2. Nf3 d6 3. d4 cxd4 4. Nxd4 Nf6 5. Nc3 a6 6. h3 e6 7. g4 d5 8. Nde2 Nc6 9. exd5 Nxd5 10. Nxd5 Qxd5 11. Qxd5 exd5 12. Be3 Nb4 13. Kd2 Be6 14. f4 g6 15. Re1 Bg7 16. Nd4 Nc6 17. Nxc6 bxc6 18. Bc5 Kd8 19. Bd3 Kc7 20. c3 Rhe8 21. Kc2 f5 22. g5 a5 23. Re2 Bf7 24. Rhe1 Rxe2+ 25. Rxe2 Re8 26. Rxe8 Bxe8 27. Kb3 Bf7 28. Ka4 Be6 29. Kxa5 Bc8 30. a4 Bb7 31. Kb4 Bc8 32. a5 Bb7 33. a6 Bc8 34. Ka5 Bh8 35. Bf8 d4 36. c4 Be6 37. Bd6+ 1-0

[Event "Dhaka Walton op 07"]
[Site "Dhaka"]
[Date "2018.07.05"]
[Round "2"]
[White "Islam, MM Zahirul"]
[Black "Muhimenul, Islam"]
[Result "0-1"]
[WhiteElo "1786"]
[BlackElo "2001"]
[PlyCount "74"]
[EventDate "2018.07.04"]
[EventType "swiss"]
[EventRounds "9"]
[EventCountry "BAN"]
[SourceTitle "EXT 2019"]
[Source "ChessBase"]
[SourceDate "2018.10.10"]
[SourceVersion "1"]
[SourceVersionDate "2018.10.10"]
[SourceQuality "1"]

1. d4 Nf6 2. c4 e6 3. Nc3 d5 4. Nf3 c6 5. Bf4 dxc4 6. a4 Nd5 7. Bg5 Be7 8. Bxe7 Qxe7 9. e4 Nxc3 10. bxc3 b5 11. Be2 Bb7 12. 0-0 0-0 13. Re1 a6 14. Qc2 Nd7 15. Qb1 Rab8 16. Ra2 Nb6 17. a5 Nd7 18. Bf1 Nf6 19. Rb2 h6 20. Ne5 Qc7 21. Re3 c5 22. f4 cxd4 23. cxd4 Rfd8 24. g4 Rxd4 25. Bg2 Rbd8 26. Re1 Qxa5 27. Rbe2 b4 28. g5 hxg5 29. Nf3 Rxe4 30. Rxe4 Bxe4 31. Rxe4 Nxe4 32. Qxe4 g4 33. Ng5 Qa1+ 34. Kf2 Qd4+ 35. Kg3 Qxe4 36. Nxe4 c3 37. Nc5 c2 0-1

[Event "BAN-chT2"]
[Site "Dhaka"]
[Date "2017.10.27"]
[Round "6.3"]
[White "Muhimenul, Islam"]
[Black "Samrat, Ghorai"]
[Result "0-1"]
[WhiteElo "2035"]
[BlackElo "2108"]
[PlyCount "72"]
[EventDate "2017.10.22"]
[EventType "team-swiss"]
[EventRounds "7"]
[EventCountry "BAN"]
[SourceTitle "CBM 181 Extra"]
[Source "ChessBase"]
[SourceDate "2017.12.12"]
[SourceVersion "1"]
[SourceVersionDate "2017.12.12"]
[SourceQuality "1"]
[WhiteTeam "Morning Glory"]
[BlackTeam "Uttara Central CC"]
[WhiteTeamCountry "BAN"]
[BlackTeamCountry "BAN"]

1. c4 e5 2. Nc3 Nc6 3. Nf3 g6 4. g3 Bg7 5. Bg2 d6 6. d3 h6 7. 0-0 Be6 8. a3 Qd7 9. Re1 f5 10. e4 Nge7 11. Nd5 0-0 12. Rb1 g5 13. b3 Ng6 14. Bb2 Rf7 15. Qc2 fxe4 16. dxe4 Raf8 17. Re3 Bg4 18. Ne1 Nd4 19. Bxd4 exd4 20. Rd3 c6 21. Nb4 c5 22. Nd5 Ne5 23. Rd2 Bh3 24. f4 Bxg2 25. Kxg2 gxf4 26. gxf4 Qg4+ 27. Kh1 Qh3 28. Rg2 d3 29. Qd2 Kh8 30. Rd1 h5 31. Nxd3 Nf3 32. Qe2 Nd4 33. Qe3 Qxe3 34. Nxe3 Nxb3 35. Rdg1 Rg8 36. Nf5 Rd7 0-1

[Event "BAN-chT2"]
[Site "Dhaka"]
[Date "2017.10.22"]
[Round "1.2"]
[White "Khondoker, Sumaiya"]
[Black "Muhimenul, Islam"]
[Result "0-1"]
[WhiteElo "1550"]
[BlackElo "2035"]
[PlyCount "74"]
[EventDate "2017.10.22"]
[EventType "team-swiss"]
[EventRounds "7"]
[EventCountry "BAN"]
[SourceTitle "CBM 181 Extra"]
[Source "ChessBase"]
[SourceDate "2017.12.12"]
[SourceVersion "1"]
[SourceVersionDate "2017.12.12"]
[SourceQuality "1"]
[WhiteTeam "Santinagar"]
[BlackTeam "Morning Glory"]
[WhiteTeamCountry "BAN"]
[BlackTeamCountry "BAN"]

1. e4 e6 2. d4 d5 3. exd5 exd5 4. Nf3 Bd6 5. Be3 Ne7 6. Bd3 Bg4 7. Nbd2 Nd7 8. c3 c6 9. Qc2 Qc7 10. h3 Bh5 11. 0-0-0 c5 12. dxc5 Nxc5 13. Bb5+ Nd7 14. Rde1 0-0 15. Bd3 Bg6 16. Bd4 b5 17. a3 a5 18. Bxg6 Nxg6 19. h4 Rfe8 20. h5 Nf4 21. Ng5 Nf8 22. Qf5 h6 23. Ngf3 b4 24. axb4 axb4 25. Rxe8 Rxe8 26. g3 bxc3 27. Bxc3 Ne2+ 28. Kd1 Nxc3+ 29. bxc3 Qxc3 30. Rh4 Ba3 31. Qb1 Bc5 32. Qb5 Re6 33. Rg4 d4 34. Qb1 Rb6 35. Qf5 Qa1+ 36. Ke2 Re6+ 37. Ne5 Rxe5+ 0-1